Banková únia a jednotný mechanizmus dohľadu v EÚ bakalárska práca

Salvato in:
Dettagli Bibliografici
Autore principale: Hanák, Filip
Ente Autore: Fakulta medzinárodných vzťahov EU. Katedra medzinárodných ekonomických vzťahov a hospodárskej diplomacie
Altri autori: Jančíková, Eva, 1960-
Natura: Libro
Lingua:slovacco
Pubblicazione: Bratislava 2015
Tags: Aggiungi Tag
Nessun Tag, puoi essere il primo ad aggiungerne!!

MARC

LEADER 00000nbm a2200000 4500
001 0202655
005 20161212100301.4
041 0 |a slo 
044 |a SK 
245 1 0 |a Banková únia a jednotný mechanizmus dohľadu v EÚ  |b bakalárska práca  |c Filip Hanák ; školiteľ: Eva Jančíková 
264 1 |a Bratislava  |c 2015 
300 |a 50 s. 
100 1 |a Hanák, Filip 
700 1 |a Jančíková, Eva, 1960- 
710 2 |a Fakulta medzinárodných vzťahov EU. Katedra medzinárodných ekonomických vzťahov a hospodárskej diplomacie